000
00273nam a2200109Ia 4500
008
190216s9999||||xx |||||||||||||| ||und||
100
_a
Tharakan K M
245
0
_a
Malayala Novel Sahithya Charithram
260
_b
Nbs Kottayam
650
_a
Malayalam Charithram
942
_c
BK
999
_c
25332
_d
25332